| 000 | 00410nam a22001577a 4500 | ||
|---|---|---|---|
| 999 |
_c145285 _d145285 |
||
| 020 | _a9789387187276 | ||
| 082 |
_aH4 _bJAG/S |
||
| 100 | _aJagdish Chandra Mathur | ||
| 245 |
_aSahitya, sanskriti aur bhasha/ _cby Jagdish Chandra Mathur |
||
| 260 |
_aDelhi: _bNayi Kithab Prakashan, _c2018. |
||
| 300 | _a134p. | ||
| 650 | _aEssays Hindi | ||
| 650 | _aLiterature Hindi | ||
| 650 | _aLiterature | ||
| 942 | _cBK | ||